000 00324nam a22001457a 4500
003 SGT
020 _a978-93-83290-48-2
082 _a615.19
_bP18S
100 _aSHAH,SAPAN.K
245 _aPRACTICAL PHARMACEUTICAL ANALYSIS
260 _aJALANDHAR
_bS.VIKASH
_c2018
300 _a104
650 _aPHARMACY
942 _2ddc
_cBK
999 _c17341
_d17341